Poesías completas
Saved in:
| Format: | Book |
|---|---|
| Language: | Spanish |
| Published: |
Madrid
Aguilar
1966
|
| Edition: | 3a. ed |
| Series: | Biblioteca premios nobel
|
| Subjects: | |
| Tags: |
Add Tag
No Tags, Be the first to tag this record!
|
MARC
| LEADER | 00000nam a2200000 a 4500 | ||
|---|---|---|---|
| 001 | UCZ1936 | ||
| 003 | CL-VaPUC | ||
| 008 | 950915e19660000SP |||||||||||||||||spa|d | ||
| 082 | 0 | 4 | |a Ch861 |b MIS |2 21 |
| 245 | 1 | 0 | |a Poesías completas |
| 246 | 1 | 0 | |a Desolación |
| 246 | 1 | 0 | |a Ternura |
| 246 | 1 | 0 | |a Tala |
| 246 | 1 | 0 | |a Lagar, 1 |
| 250 | |a 3a. ed | ||
| 300 | |a 836 p | ||
| 942 | |c BK | ||
| 945 | |d 19950915 00:00:00 |a lriquelm | ||
| 260 | |a Madrid |b Aguilar |c 1966 | ||
| 650 | 0 | |a Poesía chilena |9 268403 | |
| 650 | 0 | |a Literatura chilena |9 308278 | |
| 650 | 0 | |a Formas y géneros literarios |9 324031 | |
| 650 | 0 | |a Prosa chilena |9 267787 | |
| 583 | |a last modification |c 19950915 00:00:00 |k Rodrigo Vera | ||
| 490 | 0 | |a Biblioteca premios nobel | |
| 999 | |c 238607 |d 238605 | ||
| 952 | |0 0 |1 0 |4 0 |6 CH_861_000000000000000_MIS_1966 |7 0 |8 A |9 248901 |a BIBEDU |b BIBEDU |c ES_NOD |d 2019-11-18 |i 1563408 |l 9 |o Ch861 MIS 1966 |p 1563408 |r 2024-03-18 |s 2024-03-15 |w 2019-11-18 |y BK |k FIL | ||